Colchagua en desconcierto: los mil días de la Unidad Popular y los sombríos albores de la dictadura
Uloženo v:
| Hlavní autor: | |
|---|---|
| Médium: | Kniha |
| Jazyk: | španělština |
| Vydáno: |
Rancagua
Aurora de Colchagua
2018
|
| Vydání: | 1a. ed |
| Témata: | |
| Tagy: |
Přidat tag
Žádné tagy, Buďte první, kdo vytvoří štítek k tomuto záznamu!
|
MARC
| LEADER | 00000cam a2200000 a 4500 | ||
|---|---|---|---|
| 001 | UCC6222 | ||
| 003 | CL-VaPUC | ||
| 008 | 181130e20180000cl |||||||||||||||||spa|d | ||
| 020 | |a 9789569757068 | ||
| 082 | 0 | 4 | |a 983.33 |b GRE |2 21 |
| 100 | |a Grez-Cañete, Diego Alberto |e author |9 604248 | ||
| 245 | 1 | 0 | |a Colchagua en desconcierto: los mil días de la Unidad Popular y los sombríos albores de la dictadura |
| 250 | |a 1a. ed | ||
| 300 | |a 457 p | ||
| 942 | |c BK | ||
| 945 | |d 20181130 13:53:00 |a dcastane | ||
| 260 | |a Rancagua |b Aurora de Colchagua |c 2018 | ||
| 600 | 0 | |a Allende Gossens, Salvador, |d 1908-1973 |9 257222 | |
| 650 | 0 | |a Historia de Chile |9 265473 | |
| 650 | 0 | |a Unidad popular |9 317409 | |
| 650 | 0 | |a Dictadura militar |9 389291 | |
| 650 | 0 | |a Golpe de estado |9 264543 | |
| 583 | |a last modification |c 20190405 01:34:14 |k Rodrigo Vera | ||
| 999 | |c 373216 |d 373214 | ||
| 952 | |0 0 |1 0 |3 erb |4 0 |6 983_330000000000000_GRE_2018 |7 0 |8 C |9 491218 |a BIBCUR |b BIBCUR |i 5517362 |l 1 |o 983.33 GRE 2018 |p 5517362 |r 2025-04-22 |s 2023-09-06 |w 2019-11-24 |y BK |z Catalogado en:20181130 |k CAC | ||
| 952 | |0 0 |1 0 |3 erb |4 0 |6 983_330000000000000_GRE_2018 |7 0 |8 A |9 491219 |a BIBHIS |b BIBHIS |i 5541506 |o 983.33 GRE 2018 |p 5541506 |r 2025-01-20 |w 2019-11-24 |y BK |z Catalogado en:20190409 |k HIS | ||